| 000 | nam a22 7a 4500 | ||
|---|---|---|---|
| 999 |
_c331338 _d331338 |
||
| 003 | NUST | ||
| 005 | 20170925121917.0 | ||
| 008 | 170925b xxu||||| |||| 00| 0 eng d | ||
| 040 | _cNUST | ||
| 082 | _a330 | ||
| 100 |
_aZaidi,anum zehra Tahir,Naveen & Iqbal Isbah _94963 |
||
| 245 | _aEvidence of glass celling in health banking and telecom sectors of pakistan | ||
| 260 |
_aIslamabad _c2015 |
||
| 300 | _a64p. | ||
| 942 |
_2ddc _cTH |
||